• 首页
  • 本馆介绍
  • 公告通知
  • 最新文献
  • 馆藏检索
  • 电子资源
  • 读者导购
  • 参考咨询
  • 我的图书馆
  • 登录
  • 详细信息显示
  • 放入我的书架
  • 预约/预借图书
  • 作者相关作品
  • 分类相关作品
  • 丛书相关作品
  • 出版社相关作品

书目信息

  • 表格格式
  • 工作单格式
  • 卡片格式
题名:
大庆速写
    
 
作者: ;大庆文化艺术馆 编
分册:  
出版信息: 北京   人民美术出版社  1975
页数: 54页
开本: 17×18cm
丛书名:
单 册:
中图分类: J224 , J22
科图分类:
主题词: 速写--中国--现代--作品集
电子资源:
ISBN:
000 00609nam0 2200229 45
001 1555813494
005 20150131153031.84
010    @dCNY0.40
100    @a19950927d1975 em y0chiy0121 ea
101 0  @achi
102    @aCN@b110000
105    @aa z 000yy
200 10 @a大庆速写@ADa Qing Su Xie@f大庆文化艺术馆编
210    @a北京@c人民美术出版社@d1975
215    @a54页@d17×18cm
606    @a速写@y中国@z现代@x作品集
690    @aJ224@v3
690    @aJ22@v4
711 02 @a大庆文化艺术馆@ADa Qing Wen Hua Yi Shu Guan@4编
801  0 @aCN@bTSSF@c20150131
801  2 @aCN@bNLC
905    @aZUCC@dJ22@eJY78
    
    大庆速写/大庆文化艺术馆编.-北京:人民美术出版社,1975
    54页;17×18cm
    
    
    ISBN :CNY0.40
    
●
相关链接 在E读中查询图书 在五车中查询图书 在当当中查询图书 在豆瓣中查询图书


正题名:大庆速写     索取号:J22/JY78         预约/预借

序号 登录号 条形码 馆藏地/架位号 状态 备注
1 7861718   278617187   学院路分馆/ [索取号:J22/JY78] 在馆    
唐山师范学院图书馆 欢迎您!
大连网信软件有限公司© 版权所有